Architecton: Architecture: (Record no. 11999)

000 -LEADER
fixed length control field 00354 a2200133 4500
003 - CONTROL NUMBER IDENTIFIER
control field OSt
005 - DATE AND TIME OF LATEST TRANSACTION
control field 20240111135232.0
008 - FIXED-LENGTH DATA ELEMENTS--GENERAL INFORMATION
fixed length control field 240111b ||||| |||| 00| 0 eng d
020 ## - INTERNATIONAL STANDARD BOOK NUMBER
International Standard Book Number 978-1864705669
100 ## - MAIN ENTRY--PERSONAL NAME
Personal name Architecton Ltd
245 ## - TITLE STATEMENT
Title Architecton: Architecture:
Remainder of title As an ecology of culture
260 ## - PUBLICATION, DISTRIBUTION, ETC. (IMPRINT)
Name of publisher, distributor, etc Images Publishing Dist Ac
Date of publication, distribution, etc 2014
942 ## - ADDED ENTRY ELEMENTS (KOHA)
Source of classification or shelving scheme
Holdings
Withdrawn status Lost status Source of classification or shelving scheme Damaged status Koha normalized classification for sorting Not for loan Permanent location Current location Date acquired Source of acquisition Cost, normal purchase price Total Holds Full call number Barcode Date last seen Cost, replacement price Price effective from Koha item type
        AR_UG3299   BMS College of Architecture, Design and Planning BMS College of Architecture, Design and Planning 2024-01-11 10 4788.00 721 AR-UG3299 AR-UG3299 2024-01-11 6840.00 2024-01-11 UG Books
Copyright © 2025, The Librarian, Library and Information Centre, BMSCA D&P, Bengaluru. All Rights Reserved
web counter

Powered by Koha